| 000 | 00791nam a2200265 a 4500 | ||
|---|---|---|---|
| 999 |
_c2750 _d2750 |
||
| 001 | 19814 | ||
| 003 | BD-DhUAP | ||
| 005 | 20200227115549.0 | ||
| 008 | 200227t19841982enka 001 0 eng d | ||
| 020 | _a9780262680431 | ||
| 040 |
_aA4N _cA4N _dBD-DhUAP _bEng |
||
| 082 | 0 | 0 |
_223 _a711.4 ROS |
| 100 | 1 |
_aRossi, Aldo. _921209 |
|
| 245 | 1 | 4 |
_aThe architecture of the city / _cAldo Rossi. |
| 260 |
_aCambridge, Mass. : _bMIT Press, _cc1982 [Rerinting 19984]. |
||
| 300 |
_a201 pages : _billustrations ; _c25 cm. |
||
| 490 | _aOppositions books. | ||
| 504 | _aIncludes bibliographical references and index. | ||
| 526 | _aARC | ||
| 650 | 0 |
_aCity planning. _921210 |
|
| 650 | 0 |
_aArchitecture. _921211 |
|
| 942 |
_2ddc _cBK |
||